000 00750nam a2200229 i 4500
001 bgj
245 0 0 _aWielki słownik angielsko-polski PWN-Oxford =
_bEnglish-Polish dictionary PWN-Oxford /
_cJadwiga Linde-Usiekniewicz, editor in chief.
246 1 1 _aEnglish-Polish Dictionary PWN-Oxford
260 _aWarszawa :
_bWydawnictwo Naukowe PWN,
_c2002.
300 _aCXX, 1384 pp ;
_c27 cm.
505 _aIncludes CD-ROM.
650 9 _aEnglish language
650 9 _aPolish language
655 _aDictionaries
700 1 _aLinde-Usiekniewicz, Jadwiga.
_eed.
020 _a8301137088 (hbk, jacket)
040 _cBPK
041 0 _apol
_aeng
920 _a83-01-13708-8 (hbk, jacket)
942 _cCD
008 040511s2002 pl d |000 0 pol
999 _c49299
_d49299
856 _uhttp://koha.tu.koszalin.pl/cgi-bin/koha/opac-detail.pl?biblionumber=49299
_yKatalog online BPK